00441 2200169 4500001002100000005001500021035002000036008004100056245001900097100003700116260002500153300001300178084001700191082001100208650002600219990002600245INLIS00000000000042920240123030613 a0010-0823000429240123 0 ind 1 aSirah Nabawiah aMuhammad Sa'id Ramadhan Al-Buthy bRobbani Press,c1990 a263 hlm. a2x9. 1 ALB s a2x9. 1 4aSejarah Nabi Muhammad a0749/STITINKA/01/2023